000
00234 a2200097 4500
001
7753
100
_a
Comlie, R.A
245
_a
magneto hydrodynamics generations of electric power
260
_a
_b
Chapman Hall
_c
090
_c
6210
_d
6210
942
_a
NUST-CAE
_c
M
_c
32724
999
_c
242826
_d
242826